De la sabiduría

Αποθηκεύτηκε σε:
Λεπτομέρειες βιβλιογραφικής εγγραφής
Κύριος συγγραφέας: Charron, Pierre (Συγγραφέας)
Μορφή: Βιβλίο
Γλώσσα:Ισπανικά
Έκδοση: Buenos Aires Losada 1948
Σειρά:Biblioteca Filosófica
Θέματα:
Ετικέτες: Προσθήκη ετικέτας
Δεν υπάρχουν, Καταχωρήστε ετικέτα πρώτοι!

MARC

LEADER 00000nam a2200000 a 4500
001 UCL2257
003 CL-VaPUC
008 031017e19480000AG |||||||||||||||||spa|d
082 0 4 |a 241.4  |b CHA  |2 21 
100 0 |a Charron, Pierre  |e author  |9 479312 
245 1 0 |a De la sabiduría 
300 |a 626 p 
942 |c BK 
945 |d 20031017 00:00:00  |a vberengu 
260 |a Buenos Aires  |b Losada  |c 1948 
650 0 |a Teología moral   |9 256617 
650 0 |a Virtudes  |9 309526 
650 0 |a Comportamiento moral  |9 334569 
583 |a last modification  |c 20031017 00:00:00  |k Rodrigo Vera 
490 0 |a Biblioteca Filosófica 
999 |c 305608  |d 305606 
952 |0 0  |1 2  |4 0  |6 241_400000000000000_CHA_1948  |7 0  |8 A  |9 369733  |a BIBTEO  |b BIBTEO  |d 2019-11-21  |i 2090325  |o 241.4 CHA 1948  |p 2090325  |r 2019-11-21  |w 2019-11-21  |x Descarte 2019  |y BK  |k ICR